000 00919nam0a22002291 4500
001 v19\rc\2015723
005 20250620003053.0
035 _a(NLR Aleph) 005096813
090 _a7352540
_c7352540
100 _a20080925d1902 |||y0rusy50 ca
101 0 _arus
102 _aRU
105 _aa z |||||
200 1 _aСборник задач, предлагавшихся на конкурсных экзаменах
_eСост. применительно к программе конкурсных экзаменов по физике, алгебре, геометрии и тригонометрии
_fСобрал и изд. М.А. Шуммер
210 _aКиев
_d1902
215 _a209 с., 11 л. черт.
_d23
700 1 _aШуммер
_bМ.А.
_gМихаил Алексеевич
_4650
801 0 _aRU
_bNLR
_gpsbo
801 1 _aRU
_bProSoft-M
_2rusmarc
852 _aNLR
_j20.74.6.44
942 _cBOOK
980 _aNB